000 00818nas a2200265 4500
001 BR0303648
003 BR-BrBNA
005 20231205103929.0
007 ta
008 230509b bl.|||p| |||| 00| 00por d
040 _aBR-BrBNA
_bpor
_cBiblioteca Nacional de Agricultura
041 _a(Pt)
072 _aQ03
100 1 _aSalvatori, R.U.
100 1 _aBessa, M.C.
100 1 _aCardoso, M.R. de I.
245 1 _aQualidade sanitária de embutidos coletados no mercado público central de Porto Alegre, Rio Grande do Sul
650 _aENLATADO
650 _aCONSERVA
650 _aQUALIDADE
650 _aCONTAMINAÇÃO BACTERIANA
773 0 _tCiência Rural (Brazil)
_xISSN 0103-8478
_g(Jul-Aug 2003), v. 33(4) p. 771-773
_wBR0303648
909 _a202311
_bLúcia
_c55
_dLúcia Elande
942 _2AGRIS
_n0
_cANA
999 _c175496
_d175496